| 000 | 00380nam a2200145Ia 4500 | ||
|---|---|---|---|
| 008 | 220217s9999||||xx |||||||||||||| ||und|| | ||
| 020 | _a81-7808-371-X | ||
| 082 | _a005.43 BAL | ||
| 100 |
_aBandel, David Napier, Robart _93559 |
||
| 245 | 0 | _aUsing linux | |
| 250 | _a6th | ||
| 260 |
_aPearson education asia _bDelhi _c2001 |
||
| 300 | _b495 | ||
| 650 | _aOperating systems | ||
| 999 |
_c172181 _d172181 |
||